| 000 | 00420nam a22001697a 4500 | ||
|---|---|---|---|
| 003 | SGT | ||
| 020 | _a9781627038157 | ||
| 082 |
_a612.3 _bE08A |
||
| 100 | _aANTONIO, JOSE | ||
| 245 | _aESSENTIALS OF SPORTS NUTRITION AND SUPPLEMENTS | ||
| 250 | _a1ST | ||
| 260 |
_aUSA _bHUMANA PRESS _c2008 |
||
| 300 | _a691 | ||
| 650 | _aSPORT SCIENCE | ||
| 653 | _aESSENTIALS OF SPORTS NUTRITION AND SUPPLEMENTS | ||
| 942 |
_2ddc _cBK |
||
| 999 |
_c33178 _d33178 |
||